Music Quiz

Random Music or Song Quiz

One Word Beatles Blitz Quiz Stats

Quiz not verified by Sporcle

Challenge
Share
Tweet
Embed
Score 0/20 Timer 03:00
0 Plays Today
Word Song % Correct
PaperbackPaperback Writer
97.8%
OnionGlass Onion
89.4%
SermonEleanor Rigby
81.9%
PornographicI Am The Walrus
77.2%
BeepDrive My Car
74.4%
PlasticineLucy In The Sky With Diamonds
72.5%
TrampolineBeing For The Benefit of Mr. Kite!
63.1%
CoralOctopus's Garden
56.3%
MisunderstandingStrawberry Fields Forever
55.6%
FussingWe Can Work It Out
54.7%
Word Song % Correct
TestimonialMaxwell's Silver Hammer
52.2%
LogA Hard Day's Night
49.4%
WoosSomething
42.5%
FootballCome Together
41.9%
NineteenTaxman
35.9%
WigwamHey Bulldog
33.4%
IncitingAcross The Universe
30.3%
SeanceCry Baby Cry
30%
RaincoatsTwo of Us
26.6%
SyndicateDig A Pony
23.4%

You're not logged in!

Compare scores with friends on all Sporcle quizzes.
Join for Free
OR
Log In

You Might Also Like...

Show Comments

Extras

Top Quizzes Today


Score Distribution

Your Account Isn't Verified!

In order to create a playlist on Sporcle, you need to verify the email address you used during registration. Go to your Sporcle Settings to finish the process.

Report this User

Report this user for behavior that violates our Community Guidelines.

Details: